Obor a trpaslík Slováci, Česi a perspektívy Afriky

Gespeichert in:
Bibliographische Detailangaben
1. Verfasser: Mesík, Juraj
Format: Buch
Sprache:Slowakisch
Veröffentlicht: Bratislava Nadácia Pontis 2012
Schlagworte:
Tags: Tag hinzufügen
Keine Tags, Fügen Sie das erste Tag hinzu!

MARC

LEADER 00000nam a2200000 4500
001 0177741
005 20240314094446.3
020 |a 978-80-968229-7-3 
041 0 |a slo 
044 |a SK 
245 1 0 |a Obor a trpaslík  |b Slováci, Česi a perspektívy Afriky  |c Juraj Mesík 
264 1 |a Bratislava  |b Nadácia Pontis  |c 2012 
300 |a 257 s. 
610 2 0 |a krajiny rozvojové 
610 2 0 |a problémy spoločenské 
610 2 0 |a chudoba 
610 2 0 |a pomoc medzinárodná 
610 2 0 |a pomoc humanitárna 
610 2 0 |a dejiny 
610 2 0 |a otrokárstvo 
610 2 0 |a kolonializmus 
610 2 0 |a dôsledky sociálne 
610 2 0 |a pomoc rozvojová 
610 2 0 |a Afrika 
100 1 |a Mesík, Juraj